Introduction to fish culture in the Philippines / (Record no. 19258)

000 -LEADER
fixed length control field 00382cam a2200133 a 4500
040 ## - CATALOGING SOURCE
Transcribing agency DLC
082 00 - DEWEY DECIMAL CLASSIFICATION NUMBER
Classification number 338 NEP 1993 C155 Or.
100 1# - MAIN ENTRY--AUTHOR NAME
Personal name Guerrero, Rafael D.
245 10 - TITLE STATEMENT
Title Introduction to fish culture in the Philippines /
260 ## - PUBLICATION, DISTRIBUTION, ETC. (IMPRINT)
Place of publication Manila, Philippines :
Name of publisher Philippine Education Co.,
Year of publication c1981.
300 ## - PHYSICAL DESCRIPTION
Number of Pages x, 70 p. :
Other physical details ill. ;
Dimensions 23 cm.
650 #0 - SUBJECT ADDED ENTRY--TOPICAL TERM
Topical Term Fish culture
942 ## - ADDED ENTRY ELEMENTS (KOHA)
Koha item type ADB
952 ## - LOCATION AND ITEM INFORMATION (KOHA)
Withdrawn status [LOCAL, KOHA] 0
Holdings
Source of acquisition Permanent Location Date acquired Koha item type Lost status Shelving location Current Location Full call number
A36378Library Block C2020-09-01សៀវភៅភាសាអង់គ្លេស C155Library Block C338 NEP 1993 C155 Or.
មជ្ឈមណ្ឌលឯការនៃសាកលវិទ្យាល័យភូមិន្ទកសិកម្មចំការដូង

Powered by Koha